|
|
|
|
| LEADER |
01563nam a22003134a 4500 |
| 001 |
4560 |
| 003 |
BD-DhAAL |
| 005 |
20150315093642.0 |
| 008 |
150315s2003 mau 001 0 eng |
| 010 |
|
|
|a 2003008220
|
| 020 |
|
|
|a 1591392756 (alk. paper)
|
| 040 |
|
|
|a DLC
|c DLC
|d DLC
|d BD-DhAAL
|
| 050 |
0 |
0 |
|a HD57.7
|b .H3873 2003
|
| 082 |
0 |
0 |
|a 658.4/092
|2 21
|
| 245 |
0 |
0 |
|a Harvard business review on leadership at the top.
|
| 260 |
|
|
|a Boston :
|b Harvard Business School Pub. Corp.,
|c c2003.
|
| 300 |
|
|
|a vii, 161 p. ;
|c 21 cm.
|
| 490 |
|
|
|a The Harvard business review paperback series
|
| 500 |
|
|
|a A collection of articles previously published in the Harvard business review.
|
| 500 |
|
|
|a Includes index.
|
| 505 |
0 |
|
|a The curse of the superstar CEO / Rakesh Khurana -- Holes at the top : why CEO firings backfire / Margarethe Wiersema -- A letter to the chief executive / Joseph Fuller -- The very real dangers of executive coaching / Steven Berglas -- Narcissistic leaders : the incredible pros, the inevitable cons / Michael Maccoby -- The leadership journey / Leonard D. Schaeffer -- What titans can teach us / Richard S. Tedlow -- Where leadership starts / Robert A. Eckert.
|
| 541 |
|
|
|e 4560
|
| 650 |
|
0 |
|a Leadership.
|9 9610
|
| 650 |
|
0 |
|a Chief executive officers.
|9 8845
|
| 650 |
|
0 |
|a Executives.
|9 9611
|
| 730 |
0 |
|
|a Harvard business review.
|9 9612
|
| 942 |
|
|
|2 ddc
|c BK
|
| 999 |
|
|
|c 34030
|d 34030
|
| 952 |
|
|
|0 0
|1 0
|2 ddc
|4 0
|6 658_409200000000000_HAR
|7 0
|9 53110
|a SCL
|b SCL
|c GEN
|d 2015-03-15
|l 4
|m 18
|o 658.4092 HAR
|p 3020004560
|r 2026-04-20
|s 2026-04-08
|t 1
|w 2015-03-15
|y BK
|